| 000 | 00434nam a22001697a 4500 | ||
|---|---|---|---|
| 003 | SEACOMMC | ||
| 005 | 20231109105831.0 | ||
| 008 | 231109b |||||||| |||| 00| 0 eng d | ||
| 020 | _cRs. 130.00 | ||
| 040 | _aSEACOMMC | ||
| 082 |
_a621.3133 _bHAR |
||
| 100 | 1 | _aHaran, Sheila C. | |
| 245 | 1 |
_aSynchronous, induction and special machines _cSheila C. Haran |
|
| 260 |
_aChennai _bScitech _c2001 |
||
| 650 | _aEngineering | ||
| 942 | _cBOOK | ||
| 999 |
_c354 _d354 |
||